Statistics for All Liverpool Managers Ever

Click here to take the quiz!

General Stats

  • This quiz has been taken 206 times
  • The average score is 10 of 23

Answer Stats

YearsManager% Correct
2015—Jürgen Klopp
98%
2012-2015Brendan Rodgers
88%
2011-2012Kenny Dalglish
84%
1985-1991Kenny Dalglish
84%
2004-2010Rafael Benítez
83%
1959-1974Bill Shankly
71%
1974-1983Bob Paisley
70%
2010-2011Roy Hodgson
64%
1998-2004Gérard Houllier
62%
1998Gérard Houllier
62%
1991-1994Graeme Souness
58%
1998Roy Evans
42%
1994-1998Roy Evans
42%
1983-1985Joe Fagan
39%
1892-1896John McKenna
9%
1956-1959Phil Taylor
9%
1906-1915Tom Watson
8%
1936-1951George Kay
5%
1923-1928Matt McQueen
5%
1951-1956Don Welsh
4%
1919-1923David Ashworth
3%
1928-1936George Patterson
3%
1892-1896William Edward Barclay
3%

Score Distribution

Percentile by Number Answered

Percent of People with Each Score

Your Score History

You have not taken this quiz